Fਗਨਾਂ ਵੇਲਾ (Record no. 1028434)

MARC details
000 -LEADER
fixed length control field 00918nam a2200253Ia 4500
003 - CONTROL NUMBER IDENTIFIER
control field OSt
005 - DATE AND TIME OF LATEST TRANSACTION
control field 20221005113520.0
008 - FIXED-LENGTH DATA ELEMENTS--GENERAL INFORMATION
fixed length control field 221004b |||||||| |||| 00| 0 pan d
037 ## - SOURCE OF ACQUISITION
Terms of availability Textual
040 ## - CATALOGING SOURCE
Original cataloging agency CRL
Transcribing agency CRL
Language of cataloging pan
041 ## - LANGUAGE CODE
Source of code pan
Language code of text/sound track or separate title pan
100 ## - MAIN ENTRY--PERSONAL NAME
Personal name ਨੂਰ, ਪਰਕਜੀਤ ਕੌਰ, ਂਚ.
9 (RLIN) 158645
245 #0 - TITLE STATEMENT
Title Fਗਨਾਂ ਵੇਲਾ
260 ## - PUBLICATION, DISTRIBUTION, ETC.
Place of publication, distribution, etc. ਲੁਧਿਆਨਾ
Name of publisher, distributor, etc. ਇੰਟਰਨੈFਨਲ ਪੰਜਾਬੀ ਲੋਕ ਵਿਰਾਸਤ ਅਕਾਡਮੀ ਭਾਰਤ
Date of publication, distribution, etc. 2018
300 ## - PHYSICAL DESCRIPTION
Extent 231ਪ0
Dimensions cm.
650 ## - SUBJECT ADDED ENTRY--TOPICAL TERM
Topical term or geographic name entry element ਸਭਿਆਚਾਰ
942 ## - ADDED ENTRY ELEMENTS (KOHA)
Classification part Y:351.243, 153Q8
Koha item type Textual
Source of classification or shelving scheme
Holdings
Withdrawn status Lost status Damaged status Not for loan Home library Current library Date acquired Source of acquisition Total Checkouts Full call number Barcode Date last seen Price effective from Koha item type
        Central Library Central Library 2022-10-05 234, 17/03/2018, National Book Shop   Y:351.243 153Q8 CL1658202 2022-10-05 2022-10-05 Textual
Copyright @ Delhi University Library System